Statistics for States Closest to New York

Click here to take the quiz!

General Stats

  • This quiz has been taken 29 times
    (20 since last reset)
  • The average score is 12 of 13

Answer Stats

HintAnswer% Correct
0 MilesPennsylvania
100%
0 MilesConnecticut
94%
451 MilesMaine
94%
0 MilesNew Jersey
94%
188 MilesDelaware
88%
0 MilesMassachusetts
88%
272 MilesNew Hampshire
88%
535 MilesOhio
88%
167 MilesRhode Island
88%
0 MilesVermont
88%
206 MilesMaryland
82%
388 MilesVirginia
82%
484 MilesWest Virginia
82%

Score Distribution

Percentile by Number Answered

Percent of People with Each Score

Your Score History

You have not taken this quiz since the last reset